Top 20 Everton Players By Appearance - Statistics

General Stats
  • This quiz has been taken 20 times
  • The average score is 5 of 20
Answer Stats
Appearances Duration Player % Correct
420 2007 – 2020 Leighton Baines
79%
422 2009 – now Séamus Coleman
79%
431 1925 – 1937 Dixie Dean
58%
414 2006 – 2016 Tim Howard
58%
750 1981 – 1997 Neville Southall
42%
529 1986 – 2000 Dave Watson
32%
494 1980 – 1991 Kevin Ratcliffe
32%
433 2000 – 2016 Leon Osman
32%
533 1958 – 1971 Brian Labone
21%
462 1971 – 1981 Mick Lyons
21%
386 1963 – 1974 Colin Harvey
16%
445 1980 – 1991 Graeme Sharp
11%
411 1948 – 1961 Tommy E. Jones
11%
402 1962 – 1972 Gordon West
5%
456 1896 – 1910 Jack Taylor
5%
388 1964 – 1976 John Hurst
5%
453 1946 – 1957 Peter Farrell
0%
495 1929 – 1952 Ted Sagar
0%
428 1946 – 1957 Tommy Eglington
0%
410 1945 – 1959 Wally Fielding
0%
No matching quizzes found
Score Distribution
Percent of People with Each Score
Percentile by Number Answered
Your Score History
You have not taken this quiz